| 000 | 01217cam a2200349 a 4500 | ||
|---|---|---|---|
| 001 | 1161647 | ||
| 003 | OSt | ||
| 005 | 20210422060220.0 | ||
| 008 | 960325s1996 ilu 001 0 eng | ||
| 010 | _a 96013195 | ||
| 020 | _a0226458075 (cloth : alk. paper) | ||
| 020 | _a0226458083 (pbk. : alk. paper) | ||
| 040 |
_aeng _cDLC _deng _beng |
||
| 041 | _aeng | ||
| 050 | 0 | 0 |
_aQ175 _b.K95 1996 |
| 080 |
_a001 _bK-90 |
||
| 082 | 0 | 0 |
_a501 _220 |
| 100 | 1 | _aKuhn, Thomas S. | |
| 245 | 1 | 4 |
_aThe structure of scientific revolutions / _cThomas S. Kuhn. _b/ by: University of Chicago Press |
| 250 | _a3rd edition | ||
| 260 |
_aChicago, IL : _bUniversity of Chicago Press, _c1996. |
||
| 300 |
_axiv, 212 p. ; _c22 cm. |
||
| 500 | _aIncludes index. | ||
| 650 | 0 |
_aScience _xPhilosophy. |
|
| 650 | 0 |
_aScience _xHistory. |
|
| 653 | _aმეცნიერება | ||
| 856 | 4 | 2 |
_3Publisher description _uhttp://www.loc.gov/catdir/description/uchi051/96013195.html |
| 856 | 4 | 1 |
_3Table of contents _uhttp://www.loc.gov/catdir/toc/uchi051/96013195.html |
| 906 |
_a7 _bcbc _corignew _d1 _eocip _f19 _gy-gencatlg |
||
| 942 |
_2udc _cBK _e3 |
||
| 999 |
_c806 _d806 |
||